000 01134nam a22002777a 4500
005 20110927151547.0
008 110927t xxu||||| |||| 00| 0 eng d
010 _aENG-103855-856
020 _c30.00
_a9788172087753 (Pt.1)
020 _c45.00
_a9788172087760 (Pt.2)
035 _aEN-87388-389
037 _bDBAD/PUB
040 _aDPL
_bEng
082 _a230.35
100 _934818
245 _aSathya Sai speaks :
_cdiscourses of Bhagawan Sri Sathya Sai Baba delivered during 1973
260 _aPrasanthi Nilayam
_bSri Sathya Sai Sadhana Trust
_c2010
270 _aPrasanthi Nilayam
_bA.P.
_e515134
_k08555-287375
_l287236
_menquiry@sssbpt.org
300 _aV.12,2Pt.(139p.;216p.)
_c22cm (pbk)
650 _934827
651 _934820
700 _934830
942 _2ddc
_cEN
_mSAT
_h230.35
999 _c57063
_d57063